000 00928nam a2200217Ia 4500
001 3283
003 GE_BSU
008 181216s||||||||xx |||||||||||||| ||und||
040 _cGE_BSU
080 _a66.012.52(075.8)
100 _aАнисимов,И.В.
245 _aОсновы автоматического управления технологическими процессами нефтохимической и нефтеперабатывающей промышленности.
245 _bУчебник.
245 _cРед.В.С.Голубев.
260 _aЛ.
260 _bХимия.
260 _c1967.
300 _a408стр. с илл. 22см.
653 _aОсновы автоматического управления технологическими процессами нефтохимической и нефтеперабатывающей промышленности.
942 _cBK
999 _c37324
_d37324